| 000 | 11109cam a22020894i 4500 | ||
|---|---|---|---|
| 001 | u16015 | ||
| 003 | PE-LiUPU | ||
| 005 | 20250813165347.0 | ||
| 008 | 150617s2013 mx a rb 001 0 spa d | ||
| 020 | _a9681819543 | ||
| 020 | _a9789681819545 | ||
| 035 | _a(Sirsi) i9789681819545 | ||
| 040 |
_aPE-LiUPU _bspa _cPE-LiUPU _dPE-LiUPU _erda |
||
| 049 | _aPRUA | ||
| 082 | 0 | 4 |
_a614.71 _bW26 _221 |
| 082 | 0 | 4 |
_a628.53 _BW28 2013 |
| 100 | 1 |
_aWark, Kenneth, _eautor. |
|
| 245 | 1 | 0 |
_aContaminación del aire : _borigen y control / _cKenneth Wark, Cecil Francis Warner ; traducción Carlos Alberto García Ferrer. |
| 264 | 1 |
_aMéxico : _bLimusa, _c2013. |
|
| 300 |
_a650 páginas : _bilustraciones ; _c23 centímetros |
||
| 336 |
_atext _2rdacontent |
||
| 337 |
_aunmediated _2rdamedia |
||
| 338 |
_avolume _2rdacarrier |
||
| 504 | _aBibliografía al final de cada capítulo. | ||
| 504 | _aÍndice: páginas 637-650. | ||
| 505 | 0 | _aEfectos y fuentes de los contaminantes del aire -- Casos graves de contaminación del aire -- Naturaleza general de los problemas de contaminación del aire -- Definición y lista general de los contaminantes del aire -- La materia particulada o partículas -- Monóxido de carbono -- Óxidos de azufre -- Efectos de los hidrocarburos, óxidos de nitrógeno, oxidantes fotoquímicos, asbestos y metales sobre los materiales y la salud -- Daños a la vegetación -- Orígenes de los contaminantes del aire -- La legislación federal y las tendencias en la reglamentación -- Historia de las leyes federales promulgadas por el gobierno -- Criterios sobre la calidad del aire y normas de emisión para la calidad del aire -- Normas estadounidenses de emisión y funcionamiento -- Aplicación y cumplimiento de las normas -- Meteorología -- Radiación solar -- Circulación del viento -- Tasa de cambio -- Condiciones de estabilidad -- Perfil de velocidad del viento -- Altura máxima de mezclado -- Rosa de los vientos - Turbulencia -- Características generales de las plumas de las chimeneas -- Efecto de isla calórica -- Circulación global de los contaminantes -- Dispersión de los contaminantes en la atmósfera -- El modelo de difusión turbulenta -- La distribución gaussiana o normal -- El modelo gaussiano de dispersión -- Evaluación de las desviaciones normales -- La concentración máxima en línea, a nivel del suelo -- Cálculo de la altura efectiva de la chimenea -- Algunas otras consideraciones con respecto a la dispersión gaseosa -- Partículas -- Distribución y fuentes de la materia particulada -- Eficiencia de colección de partículas -- Distribución de las partículas -- Velocidad terminal o de asentamiento -- Depositación de partículas de chimeneas -- Diseño de campanas y duelos -- Mecanismo de colección de las partículas -- Equipo de control de partículas -- Comparación de los equipos de control de partículas -- Control general de gases y vapores -- Adsorción -- La onda de adsorción -- Análisis transitorio de una onda de adsorción -- Regeneración de un lecho de adsorción - Absorción -- Diseño básico de una torre empacada de absorción -- Determinación de la altura de una torre de absorción -- Fundamentos de la cinética química -- Cinética de la formación del monóxido de carbono -- Control de la emisión del monóxido de carbono -- Incineración o combustión auxiliar -- Cinética y catálisis de la reacción en los procesos de combustión auxiliar -- Control de los óxidos de azufre -- Termodinámica y cinética de la formación del dióxido de azufre -- Métodos generales de control -- Procesos de desulfuración de los gases de la combustión -- Control de los óxidos de nitrógeno en fuentes estacionarias -- Fuentes y concentraciones del NOx -- Termodinámica de la formación del NO y el N02 -- Cinética de la formación del monóxido de nitrógeno en los procesos de combustión -- Formación de NOx a partir del nitrógeno del combustible -- Métodos de control de combustión para el NOx de fuentes estacionarias -- Métodos de control de los gases de la combustión para el NOx -- Reacciones fotoquímicas atmosféricas -- Termodinámica de las reacciones fotoquímicas -- El oxígeno monoatómico y la formación del ozono -- Papel de los óxidos de nitrógeno en la fotooxidación -- Los hidrocarburos en la fotoquímica atmosférica -- Los oxidantes en el neblumo fotoquímico -- Reactividad de los hidrocarburos -- Historia cotidiana de los contaminantes en el neblun fotoquímico -- Oxidación del dióxido de azufre en atmósferas contaminadas -- Fuentes móviles -- Normas de emisión para automóviles -- Gasolina -- Origen de las emisiones del escape de motores de gasolina -- Emisiones evaporativas y del cárter -- Reducción de las emisiones por cambios en el combustible -- Reducción de las emisiones por cambios en el diseño de los motores -- Reactores externos -- Motores de carga estratificada -- Motores rotativos de combustión -- Fuentes opcionales de energía para vehículos -- Emisiones de los motores diésel -- Emisiones de los motores turborrotatorios y de las turbinas de gas -- Combustibles opcionales y su utilización -- Control de los olores -- El sentido del olfato y las teorías de los olores -- Propiedades físicas de las sustancias olorosas -- Técnicas de medición de los olores -- Valores de umbral de los olores -- Aplicaciones de las mediciones de los olores -- Métodos para el control de los olores. | |
| 526 | _aP203 | ||
| 526 | _aP200 | ||
| 526 | _aSEG65 | ||
| 526 | _aSEG64 | ||
| 526 | _aSEG63 | ||
| 526 | _aSEG62 | ||
| 526 | _aSEG61 | ||
| 526 | _aSEG60 | ||
| 526 | _aSEG59 | ||
| 526 | _aSEG58 | ||
| 526 | _aSEG57 | ||
| 526 | _aSEG56 | ||
| 526 | _aSEG55 | ||
| 526 | _aSEG54 | ||
| 526 | _aSEG53 | ||
| 526 | _aSEG52 | ||
| 526 | _aSEG51 | ||
| 526 | _aSEG50 | ||
| 526 | _aSEG49 | ||
| 526 | _aSEG48 | ||
| 526 | _aSEG47 | ||
| 526 | _aSEG46 | ||
| 526 | _aSEG24 | ||
| 526 | _aSEG23 | ||
| 526 | _aSEG22 | ||
| 526 | _aSEG21 | ||
| 526 | _aSEG20 | ||
| 526 | _aSEG19 | ||
| 526 | _aSEG18 | ||
| 526 | _aSEG17 | ||
| 526 | _aSEG16 | ||
| 526 | _aSEG14 | ||
| 526 | _aSEG13 | ||
| 526 | _aSEG12 | ||
| 526 | _aSEG11 | ||
| 526 | _aSEG10 | ||
| 526 | _aSEG09 | ||
| 526 | _aSEG06 | ||
| 526 | _aSEG05 | ||
| 526 | _aSEG04 | ||
| 526 | _aSEG03 | ||
| 526 | _aSEG02 | ||
| 526 | _aSEG68 | ||
| 526 | _aSEG66 | ||
| 526 | _aSEG45 | ||
| 526 | _aSEG25 | ||
| 526 | _aSEG01 | ||
| 526 | _aP163 | ||
| 526 | _aP162 | ||
| 526 | _aP161 | ||
| 526 | _aP160 | ||
| 526 | _aP159 | ||
| 526 | _aP158 | ||
| 526 | _aP157 | ||
| 526 | _aP156 | ||
| 526 | _aP155 | ||
| 526 | _aP154 | ||
| 526 | _aP153 | ||
| 526 | _aP152 | ||
| 526 | _aP151 | ||
| 526 | _aP150 | ||
| 526 | _aP149 | ||
| 526 | _aP142 | ||
| 526 | _aP141 | ||
| 526 | _aP140 | ||
| 526 | _aP139 | ||
| 526 | _aP138 | ||
| 526 | _aP137 | ||
| 526 | _aP132 | ||
| 526 | _aP131 | ||
| 526 | _aP130 | ||
| 526 | _aP126 | ||
| 526 | _aP125 | ||
| 526 | _aP124 | ||
| 526 | _aP123 | ||
| 526 | _aP115 | ||
| 526 | _aP122 | ||
| 526 | _aP121 | ||
| 526 | _aP116 | ||
| 526 | _a P114 | ||
| 526 | _aP112 | ||
| 526 | _aP111 | ||
| 526 | _aP104 | ||
| 526 | _aP103 | ||
| 526 | _aP102 | ||
| 526 | _aP101 | ||
| 526 | _aP100 | ||
| 526 | _aP96 | ||
| 526 | _aP95 | ||
| 526 | _aP93 | ||
| 526 | _aP92 | ||
| 526 | _aP91 | ||
| 526 | _aP88 | ||
| 526 | _aP83 | ||
| 526 | _aP82 | ||
| 526 | _aP79 | ||
| 526 | _aP78 | ||
| 526 | _aP75 | ||
| 526 | _aP74 | ||
| 526 | _aP71 | ||
| 526 | _aP69 | ||
| 526 | _a P51 | ||
| 526 | _aP49 | ||
| 526 | _aP48 | ||
| 526 | _aP47 | ||
| 526 | _aP33 | ||
| 526 | _aP31 | ||
| 526 | _a P30 | ||
| 526 | _aP29 | ||
| 526 | _aP27 | ||
| 526 | _aP26 | ||
| 526 | _aP25 | ||
| 526 | _aP24 | ||
| 526 | _a P22 | ||
| 526 | _aP10 | ||
| 526 | _aP09 | ||
| 526 | _a P08 | ||
| 526 | _aP06 | ||
| 526 | _aP05 | ||
| 526 | _aP04 | ||
| 526 | _aP01 | ||
| 541 | _g001-001348; | ||
| 541 | _gF002-00000048; | ||
| 541 | _g001-0028396; | ||
| 596 | _a1 2 | ||
| 650 | 0 | 4 |
_aAir _xContamination. |
| 650 | 0 | 4 |
_aAire _xContaminación. _9445 |
| 650 | 0 | 4 |
_aContaminación ambiental. _93753 |
| 650 | 0 | 4 | _aEnvironmental pollution. |
| 700 | 1 |
_aGarcía Ferrer, Carlos Alberto, _etraductor. |
|
| 700 | 1 |
_aWarner, Cecil Francis, _d1915- , _eautor. |
|
| 910 |
_adbm _bjpc _cjpc _d20180517 |
||
| 910 |
_ajck _bjvq _cjck _d20150616 |
||
| 910 | _cigq | ||
| 942 |
_2ddc _cBOOK |
||
| 994 |
_aC0 _bPEPRU |
||
| 949 |
_a628.53 W28 2013 _wDEWEY _c1 _iFT02583 _lCCODEBUT1 _mBUT _p{dolar}30.00 _r0 _sY _tBOOK _u2016-1-11 _xINGENIERIA _PP24 _0COMPRA _o.STAFF. Colección General Tarapoto |
||
| 949 |
_a628.53 W26 _wDEWEY _c1 _i58324 _d2018-5-24 _e2018-5-20 _f2018-2-9 _g2 _lCCODEBUL1 _mBUL _n1 _r0 _sY _tBOOK _u2015-6-17 _xSALUD _PP33 _0COMPRA _o.STAFF. Colección Ciencias de la Salud |
||
| 949 |
_a628.53 W26 _wDEWEY _c2 _i35764 _d2018-4-9 _f2018-2-9 _g4 _lFIA2 _mBUL _q1 _r0 _sY _tBOOK _u2015-6-17 _xINGENIERIA _PP24 _0COMPRA _o.STAFF. Colección Ingeniería y Arquitectura |
||
| 949 |
_a628.53 W26 _wDEWEY _c3 _i68079 _d2018-4-9 _e2017-5-3 _f2018-2-9 _g4 _lFIA2 _mBUL _n1 _q1 _r0 _sY _tBOOK _u2015-6-17 _xINGENIERIA _PP24 _0COMPRA _o.STAFF. Colección Ingeniería y Arquitectura |
||
| 949 |
_a628.53 W26 _wDEWEY _c4 _i78437 _d2018-5-27 _f2018-5-22 _g3 _lCCODEBUL1 _mBUL _p46.00 _q1 _r0 _sY _tBOOK _u2018-5-17 _xINGENIERIA _PP24 _0COMPRA _1FCOMPRA _o.STAFF. Colección Ingeniería y Arquitectura |
||
| 949 |
_a628.53 W26 _wDEWEY _c5 _i78438 _f2018-5-22 _g2 _lCCODEBUL1 _mBUL _p46.00 _r0 _sY _tBOOK _u2018-5-17 _xINGENIERIA _PP24 _0COMPRA _1FCOMPRA _o.STAFF. Colección Ingeniería y Arquitectura |
||
| 999 |
_a628.53 W26 _wDEWEY _c10769 _i58324 _d10769 _e2018-5-20 _f2019-12-11 _g4 _lCCODEBUL1 _mBUL _n1 _r0 _sY _tBOOK _u2015-6-17 _xSALUD _zP33 _0COMPRA _o.STAFF. Colección General |
||
| 999 |
_a628.53 W26 _wDEWEY _c2 _i35764 _d2018-4-9 _f2019-12-11 _g6 _lDISCARD _mBUL _q1 _r1 _sY _tBOOK _u2015-6-17 _xINGENIERIA _zP24 _0COMPRA _o.STAFF. Colección Ingeniería y Arquitectura |
||
| 999 |
_a628.53 W26 _wDEWEY _c3 _i68079 _d2018-4-9 _e2017-5-3 _f2021-11-4 _g7 _lCCODEBUL1 _mBUL _n1 _q1 _r0 _sY _tBOOK _u2015-6-17 _xSALUD _zP24 _0COMPRA _o.STAFF. Colección Ciencias de la Salud |
||
| 999 |
_a628.53 W26 _wDEWEY _c4 _i78437 _d2022-6-26 _e2022-6-8 _f2021-11-9 _g6 _lCCODEBUL1 _mBUL _n1 _p46.00 _q3 _r0 _sY _tBOOK _u2018-5-17 _xINGENIERIA _zP24 _0COMPRA _1FCOMPRA _o.STAFF. Colección Ingeniería y Arquitectura |
||
| 999 |
_a628.53 W26 _wDEWEY _c5 _i78438 _f2021-11-9 _g5 _lCCODEBUL1 _mBUL _p46.00 _r0 _sY _tBOOK _u2018-5-17 _xINGENIERIA _zP24 _0COMPRA _1FCOMPRA _o.STAFF. Colección Ingeniería y Arquitectura |
||
| 999 |
_a628.53 W28 2013 _wDEWEY _c1 _iFT02583 _f2019-2-20 _g1 _lCCODEBUT1 _mBUT _p30.00 _r0 _sY _tBOOK _u2016-1-11 _xINGENIERIA _PP24 _0COMPRA _o.STAFF. Colección General Tarapoto |
||
| 980 |
_81 _gALBERTO SANCHEZ Responsable de Automatización |
||